| 000 | 00363nam a2200145Ia 4500 | ||
|---|---|---|---|
| 008 | 240624s9999 xx 000 0 und d | ||
| 041 | _aeng | ||
| 082 | _a300.72 CRE | ||
| 100 | _aCRESWELL JOHN W | ||
| 245 | _aQUALITATIVE INQUIRY AND RESEARCH DESIGN | ||
| 250 | _a(2nd ed.) | ||
| 260 |
_c2007 _aLondon _bSage Publications |
||
| 300 | _a416 : p. | ||
| 365 |
_c _b30 |
||
| 999 |
_c13001 _d13001 |
||